Online
Catalog

Contemporary social problems / (Record no. 21358)

MARC details
000 -CABECERA
campo de control de longitud fija 00709nam a2200217 a 4500
001 - NÚMERO DE CONTROL
campo de control 000021860
005 - FECHA Y HORA DE LA ÚLTIMA TRANSACCIÓN
campo de control 20240422203112.0
008 - DATOS DE LONGITUD FIJA--INFORMACIÓN GENERAL
campo de control de longitud fija 100913s1966 xxu r 000 0 spa d
040 ## - FUENTE DE LA CATALOGACIÓN
Centro catalogador/agencia de origen DO-SdBNP
Lengua de catalogación spa
Centro/agencia transcriptor BNPHU
082 ## - NÚMERO DE LA CLASIFICACIÓN DECIMAL DEWEY
Número de clasificación 362.042
Número de documento/Ítem M575
049 ## - FONDOS LOCALES (OCLC)
Fondos de biblioteca BNGR
100 1# - ENTRADA PRINCIPAL--NOMBRE DE PERSONA
Nombre de persona Merton, Robert K.
9 (RLIN) 45387
245 10 - MENCIÓN DE TÍTULO
Título Contemporary social problems /
Mención de responsabilidad, etc. Robert K. Merton , Robert A. Nisbet.
250 ## - MENCIÓN DE EDICIÓN
Mención de edición 2a ed.
260 ## - PUBLICACIÓN, DISTRIBUCIÓN, ETC.
Lugar de publicación, distribución, etc. New York :
Nombre del editor, distribuidor, etc. Harcourt, Brace & World,
Fecha de publicación, distribución, etc. 1966.
300 ## - DESCRIPCIÓN FÍSICA
Extensión xiii, 847 p. ;
Dimensiones 22 cm.
500 ## - NOTA GENERAL
Nota general Incluye índice de nombres.
500 ## - NOTA GENERAL
Nota general Incluye índice de materias.
504 ## - NOTA DE BIBLIOGRAFÍA, ETC.
Nota de bibliografía, etc. Incluye referencias bibliográficas y notas al pie de las páginas.
650 #0 - PUNTO DE ACCESO ADICIONAL DE MATERIA--TÉRMINO DE MATERIA
Término de materia o nombre geográfico como elemento de entrada Problemas sociales
9 (RLIN) 9290
Holdings
Estado de retiro Estado de pérdida Restricciones de uso No para préstamo Código de colección Localización permanente Ubicación/localización actual Ubicación en estantería Fecha de adquisición Número de inventario Total de préstamos Signatura topográfica completa Código de barras Fecha visto por última vez Precio válido a partir de Tipo de ítem Koha
        Monografías: Libros y Folletos General General En catalogación 13.09.2010 LF1   362.042 M575 21860-10 25.06.2020 25.06.2020 Préstamo en sala

Powered by Koha